Fundamentals of agricultural microbiology (Record no. 395718)
[ view plain ]
| 000 -LEADER | |
|---|---|
| fixed length control field | 00582 a2200217 4500 |
| 005 - DATE & TIME | |
| control field | 20260121104209.0 |
| 008 - FIXED-LENGTH DATA ELEMENTS--GENERAL INFORMATION | |
| fixed length control field | 260120b |||||||| |||| 00| 0 eng d |
| 020 ## - ISBN | |
| International Standard Book Number | 9789366262560 |
| Price | Rs. 550.00 |
| 040 ## - CATALOGING SOURCE | |
| Original cataloging agency | VIVEKANANDA LIBRARY |
| 082 ## - DDC NUMBER | |
| Classification number | 576 |
| Book Number | M312F |
| 100 ## - MAIN ENTRY--PERSONAL NAME | |
| Personal name | Manasa, S G |
| 245 ## - TITLE STATEMENT | |
| Title | Fundamentals of agricultural microbiology |
| 260 ## - PUBLICATION, DISTRIBUTION, ETC. (IMPRINT) | |
| Name of publisher, distributor, etc | International Books and Periodical Supply Service |
| Date of publication, distribution, etc | 2025 |
| Place of publication, distribution, etc | Delhi |
| 300 ## - PHYSICAL DESCRIPTION | |
| Pages | ix, 208 |
| 650 ## - Subject | |
| Subject | Microbiology |
| 650 ## - Subject | |
| Subject | Agricaltural |
| 650 ## - Subject | |
| Subject | Microscopy |
| 700 ## - Added Entry Personal Name | |
| Added Entry Personal Name | Avinash, S H |
| 700 ## - Added Entry Personal Name | |
| Added Entry Personal Name | Patil, S V |
| 942 ## - ADDED ENTRY ELEMENTS (KOHA) | |
| Koha item type | Books |
| Withdrawn status | Lost status | Source of classification or shelving scheme | Damaged status | Not for loan | Location (home branch) | Sublocation or collection (holding branch) | Shelving location | Date acquired | Koha issues (times borrowed) | Koha full call number | Accession No. | Koha date last seen | Koha item type |
|---|---|---|---|---|---|---|---|---|---|---|---|---|---|
| Dewey Decimal Classification | VIVEKANANDA LIBRARY | VIVEKANANDA LIBRARY | Vivekananda Library | 06/01/2026 | 576 M312F | 444174 | 06/01/2026 | Books |
